Guess the Philosopher by Picture and Hint ( Advanced ) - Statistics

General Stats
  • This quiz has been taken 12 times
  • The average score is 38 of 100
Answer Stats
Picture Hint Answer % Correct
"God is dead, and we have killed him" Friedrich Nietzsche
100%
The Republic Plato
100%
a² + b² = c² Pythagoras
100%
"Cogito, ergo sum" René Descartes
100%
"The only thing I know, is that I know nothing." Socrates
100%
"Know yourself, honor others" Confucius
91%
Communist Manifesto Karl Marx
91%
Categorical Imperative Immanuel Kant
82%
"L'enfer, c'est les autres" Jean-Paul Sartre
82%
the Prince Niccolo Machiavelli
82%
Ethica Nicomachea Aristotle
73%
Will and Representation Arthur Schopenhauer
73%
Candide François Marie "Voltaire" Arouet
73%
Le contrat social Jean-Jacques Rousseau
73%
Tao Te Ching Lao Tzu
73%
Le Deuxieme Sexe Simone De Beauvoir
73%
Invisible Hand Adam Smith
64%
Myth of Sisyphus Albert Camus
64%
Principa Mathematica Bertrand Russell
64%
cynicism Diogenes of Sinope
64%
Utilitarianism John Stuart Mill
64%
Meditations Marcus Aurelius
64%
Fear and Trembling Søren Kierkegaard
64%
Summa Theologiae Thomas Aquinas
64%
the City of God Augustine
55%
objectivism Ayn Rand
55%
Ethics Baruch Spinoza
55%
Is-ought fallacy David Hume
55%
atomic theory Democritus
55%
scientific method Francis Bacon
55%
Absolute Idealism Georg W.F. Hegel
55%
Tabula Rasa John Locke
55%
Letters from a Stoic Lucius Annaeus Seneca
55%
De Re Publica Marcus Tillius Cicero
55%
Leviathan Thomas Hobbes
55%
razor of (...) William of Ockham
55%
On Totalitarianism Hannah Arendt
45%
"You cannot step in the same river twice" Heraclitus
45%
hedonic calculus Jeremy Bentham
45%
Tractatus Logico-Philosophicus Ludwig Wittgenstein
45%
Being and Time Martin Heidegger
45%
feminism Mary Wollstonecraft
45%
panopticism Michel Foucault
45%
Sublime Object of Ideology Slavoj Zizek
45%
hedonism Epicurus
36%
esse est percipi George Berkeley
36%
Monadology Gottfried W. von Leibniz
36%
modern linguistics and cognitive science Noam Chomsky
36%
Achilles paradox Zeno of Elea
36%
The Book of Healing Avicenna
27%
Pensées Blaise Pascal
27%
phenomenology Edmund Husserl
27%
signifiant et signifié Ferdinand de Saussure
27%
predicate logic Gottlob Frege
27%
deconstruction Jacques Derrida
27%
veil of ignorance John Rawls
27%
Gender Trouble Judith Butler
27%
communicative rationality Jürgen Habermas
27%
falsification theory Karl Popper
27%
the Ego and its Own Max Stirner
27%
neoplatonism Plotinus
27%
"Everything is water" Thales of Miletus
27%
What is it like to be a Bat? Thomas Nagel
27%
consolatione philosophiae Anicius M.T.S. Boethius
18%
Incoherence of the Incoherence Averroës
18%
founder of pragmatism Charles Sanders Peirce
18%
postcolonialism Frantz Fanon
18%
neoplatonist mathematician Hypatia of Alexandria
18%
psychoanalysis Jacques Lacan
18%
postmodernism Jean-François Lyotard
18%
Innate Goodness of Human Nature (Xing Shan) Mencius
18%
trias politica Montesquieu
18%
Guide for the Perplexed Moses Maimonides
18%
being is like a sphere Parmenides
18%
Culture Industry Theodor Adorno
18%
Angelus Novus Walter Benjamin
18%
Two Dogmas of Empiricism Willard Van Orman Quine
18%
the Incoherence of Philosophers Abu Hamid ibn Muhammad al-Ghazālī
9%
fides quaerens intellectum Anselm of Canterbury
9%
¬(P ∧ Q) <=> (¬P) ∨ (¬Q) Augustus de Morgan
9%
La Cité des dames Christine de Pizan
9%
traditional definition of knowledge as "Justified True Belief" (JTB) is insufficient Edmund Gettier
9%
Letters on the Aesthetic Education of Man Friedrich Schiller
9%
Anti-Oedipus Gilles Deleuze
9%
Opus oxoniense John Duns Scotus
9%
Women and Human Development Martha Nussbaum
9%
mahayana buddhism Nāgārjuna
9%
libertarianism; Anarchy, State, and Utopia Robert Nozick
9%
the Virtuous City Aboe Nasr al-Farabi
0%
the boundless apeiron Anaximander
0%
political theology, friend-enemy distinction Carl Schmitt
0%
agonistic pluralism Chantal Mouffe
0%
the empty place of power Claude Lefort
0%
Totality and Infinity Emmanuel Levinas
0%
Can the Subaltern Speak? Gayatri Chakravorty Spivak
0%
the Primacy of Perception Maurice Merleau-Ponty
0%
Sic et Non Peter Abelard
0%
Doctrine of the Double Effect Philippa Foot
0%
skepticism & ataraxia Pyrrho of Elis
0%
logical syntax of language Rudolf Carnap
0%
No matching quizzes found
Score Distribution
Percent of People with Each Score
Percentile by Number Answered
Your Score History
You have not taken this quiz